00789nam a2200253 a 4500001001300000003000900013005001700022008004100039020002300080082001800103100001700121245002800138260004300166300000900209500003500218505006300253650002200316700001800338700001600356902000800372942000700380952013100387999001700518nice12345678IN_TiNIC20260116014612.0050524s2000 kuaa grp 000 0 eng  a9839154 c36500a297.1978bQUT aQutb, Sayyid aSocial Justice in Islam aKuala LumpurbIslamic Book Trustc2000 a339p aincludes index and biblioraphy2 aNotes By Algar, Bibliogrphy of Works on Sayyid Qutb, Index aIslam and Justice1 aJohn B Hardie1 aHamid Algar bSRS cBK 001040708StackRoom-aHMIbHMId2013-05-21g365.00l3o297.1978 QUTp021122r2020-02-04s2020-02-03v365.00w2005-05-24yBK c16177d16177